Statistics for Latin Quote Decoder #2

Click here to take the quiz!

General Stats

  • This quiz has been taken 8 times
  • The average score is 14 of 32

Answer Stats

Answer % Correct
thereforeergo
86%
dogcanis
86%
voicevox
86%
wateraqua
71%
bearursus
71%
bulltaurus
71%
lawlex
71%
queenregina
71%
whitealbus
57%
behold!, see!ecce!
57%
yearannus
57%
last, finalultimus
57%
TO WHOM
57%
loveamor
57%
EVENT
43%
threetres
43%
WHO
43%
thingres
43%
schoolschola
43%
rayradius
29%
QUOTE
29%
monthmensis
29%
no one, nobodynemo
29%
eastoriens
29%
empire, controlimperium
29%
southaustralis
29%
sleepsomnus
14%
TRANSLATION
14%
letter, messageepistula
14%
proof, witnesstestimonium
14%
treasurethesaurus
0%
islandinsula
0%

Score Distribution

Percentile by Number Answered

Percent of People with Each Score

Your Score History

You have not taken this quiz